[Event "Chess Master"]
[Site "http://www.queenalice.com/game.php?id=548286"]
[Date "2009.2.28"]
[Round "-"]
[White "leandrodaquimica"]
[Black "horseman"]
[Result "1-0"]
[WhiteElo "1298"]
[BlackElo "1743"]

1. Nf3 d6 2. Nc3 Nf6 3. e3 g6 4. b3 b6 5. d4 Bg7 6. e4 Bb7 7. e5 d5 8. exf6 Bxf6
9. Bg5 Bxg5 10. Nxg5 a5 11. Qf3 h6 12. Nxf7 O-O 13. Nxd8 Rxf3 14. gxf3 Nc6 15.
Ne6 Kf7 16. Nxc7 Rh8 17. N3xd5 Nxd4 18. O-O-O Nxf3 19. Nxb6 Ne5 20. f4 Bxh1 21.
Bc4+ Kf6 22. fxe5+ Kxe5 23. Nd7+ Kf4 24. Ne6+ Kf5 25. Rf1+ Kg4 26. Ne5+ Kh3 27.
Nf4+ Kxh2 28. Nfxg6 Rc8 29. Ng4+ Kg3 30. Rxh1 Kxg4 31. Be6+ Kg5 32. Rg1+ Kf6 33.
Bxc8 1-0

[Event "Challenge"]
[Site "http://www.queenalice.com/game.php?id=549115"]
[Date "2009.3.2"]
[Round "-"]
[White "horseman"]
[Black "Fernando_cun"]
[Result "1-0"]
[WhiteElo "1500"]
[BlackElo "1586"]

1. Nf3 b6 2. Nc3 Bb7 3. Nd4 d5 4. g3 Nc6 5. Nf3 d4 6. Nb1 Qd6 7. d3 e5 8. c3 h6
9. e3 Be7 10. e4 Nf6 11. cxd4 Nxd4 12. Nxd4 Qxd4 13. Nc3 h5 14. h4 Ng4 15. Qd2
Rd8 16. Nb5 Qxd3 17. Bxd3 Nf6 18. Nxc7+ Kf8 19. Qc2 Ng4 20. f3 Bb4+ 21. Bd2
Bxd2+ 22. Kxd2 Nf2 23. Ke2 Nxh1 24. Rxh1 g6 25. f4 exf4 26. gxf4 f5 27. Ne6+ Ke7
28. exf5 Bxh1 29. Be4 Bxe4 30. Qxe4 gxf5 31. Qxf5 Rc8 32. Nd4 Rhf8 33. Qg5+ Kd6
34. Nb5+ Kd7 35. Qxh5 Rxf4 36. Qh7+ Ke8 37. Nd6+ Kd8 38. Qh8+ Kd7 39. Qxc8+ Kxd6
40. Qb8+ Kc6 41. Qxf4 1-0

[Event "Let's Play Chess!"]
[Site "http://www.queenalice.com/game.php?id=560472"]
[Date "2009.3.23"]
[Round "-"]
[White "horseman"]
[Black "nightw0lf"]
[Result "0-1"]
[WhiteElo "1562"]
[BlackElo "1884"]

1. f4 d5 2. d4 f5 3. e3 Nf6 4. g3 h5 5. Ne2 Be6 6. Nbc3 h4 7. b3 Ne4 8. Nxe4
fxe4 9. Nc3 hxg3 10. Qd2 Bg4 11. Bg2 Bf3 12. Bxf3 exf3 13. e4 g2 14. Rg1 e6 15.
exd5 Qh4+ 16. Kd1 Qxh2 17. Re1 g1=Q 18. Rxg1 Qxg1+ 19. Qe1 f2 20. Qxg1 fxg1=Q+
21. Kd2 Qxd4+ 22. Ke2 Rh2+ 23. Kf3 Qxc3+ 24. Ke4 Re2+ 25. Be3 Rxe3# 0-1

[Event "Let's Play Chess!"]
[Site "http://www.queenalice.com/game.php?id=560474"]
[Date "2009.3.23"]
[Round "-"]
[White "horseman"]
[Black "paddymalonespub"]
[Result "0-1"]
[WhiteElo "1743"]
[BlackElo "1628"]

1. Nf3 Nc6 2. e3 e5 3. d4 exd4 4. Be2 dxe3 5. fxe3 Nf6 6. O-O d5 7. b3 Bd6 8. c4
Be6 9. Nc3 dxc4 10. bxc4 O-O 11. e4 Bc5+ 12. Kh1 Nd4 13. Nxd4 Bxd4 14. Nb5 Bxa1
15. Qxd8 Raxd8 16. Bg5 Be5 17. Bf3 Bxc4 18. Be2 Bxe2 19. Rb1 Bxb5 20. g3 Bc6 21.
Kg2 Bxe4+ 22. Kh3 Bxb1 23. a3 Rd1 24. Bh4 Rg1 25. a4 Bf5+ 26. g4 Bxg4# 0-1

[Event "I've fallen and can't get up!"]
[Site "http://www.queenalice.com/game.php?id=562107"]
[Date "2009.3.26"]
[Round "-"]
[White "horseman"]
[Black "Homedepotov"]
[Result "0-1"]
[WhiteElo "1511"]
[BlackElo "1761"]

1. f3 f6 2. e4 e5 3. g3 Nc6 4. d3 d5 5. h4 Bc5 6. Nh3 Nge7 7. Be2 O-O 8. Nc3
dxe4 9. Nxe4 Bb6 10. b3 Be6 11. g4 Nd5 12. c4 Nde7 13. Rb1 Ba5+ 14. Bd2 Bxd2+
15. Nxd2 Nd4 16. Bf1 Nec6 17. Bg2 Nb4 18. O-O Nxd3 19. f4 c6 20. Nf2 Nxf2 21.
Rxf2 Qd7 22. Ne4 Bxg4 23. Rf3 Nxf3+ 24. Bxf3 Qxd1+ 25. Bxd1 Bxd1 26. Rxd1 Rfd8
27. Re1 exf4 28. Nc5 b6 29. Ne4 f5 30. Ng5 h6 31. Ne6 Re8 32. Kf1 g5 33. hxg5
hxg5 34. a4 g4 35. Kg2 Kf7 36. Ng5+ Kg6 37. Ne6 f3+ 38. Kg3 Re7 39. Nf4+ Kf7 40.
Nd3 Rxe1 41. Nxe1 f4+ 42. Kf2 Kf6 43. Nd3 Rd8 44. Nxf4 Kf5 45. Nh5 Rd2+ 46. Kg3
Rg2+ 47. Kh4 Rh2+ 0-1

[Event "Challenge"]
[Site "http://www.queenalice.com/game.php?id=562385"]
[Date "2009.3.27"]
[Round "-"]
[White "leandrodaquimica"]
[Black "horseman"]
[Result "1-0"]
[WhiteElo "1406"]
[BlackElo "1432"]

1. e4 c5 2. Bc4 e6 3. d4 cxd4 4. Qxd4 Nc6 5. Qc3 Rb8 6. Nf3 Bb4 7. Bd2 Bxc3 8.
Nxc3 Nb4 9. Nb5 Nxc2+ 10. Ke2 d5 11. Rac1 a6 12. Na7 Ra8 13. Nxc8 Qxc8 14. Rxc2
b5 15. Bxb5+ Kd8 16. Rxc8+ Kxc8 17. Rc1+ Kd8 18. Ba5+ Ke7 19. Rc7+ Kf6 20. Bc3+
Kg6 21. Bd3 f5 22. Bxg7 fxe4 23. Bxh8 exd3+ 24. Kxd3 h6 25. Ne5+ Kf5 26. Kd4 Nf6
27. Bxf6 Kxf6 28. Rf7+ Kg5 29. f4+ Kh4 30. Nf3+ Kg4 31. h3+ Kg3 32. h4 Kxg2 33.
Ke3 Rb8 34. Rg7+ Kf1 35. Rg1# 1-0

[Event "Challenge"]
[Site "http://www.queenalice.com/game.php?id=562741"]
[Date "2009.3.27"]
[Round "-"]
[White "marcattack"]
[Black "horseman"]
[Result "1-0"]
[WhiteElo "1704"]
[BlackElo "1440"]

1. e4 b5 2. Nf3 a6 3. d4 e6 4. c4 c6 5. Be2 Bb4+ 6. Bd2 a5 7. O-O Nf6 8. Bg5 O-O
9. e5 Be7 10. exf6 Bxf6 11. Bxf6 Qxf6 12. Nc3 d5 13. cxb5 Bd7 14. b6 Bc8 15. Ne5
Ra6 16. Bxa6 Nxa6 17. a3 Nb8 18. b4 axb4 19. axb4 g5 20. Qh5 h6 21. f4 Qg7 22.
Ra7 Rd8 23. Rxf7 Qh8 24. Qg6+ 1-0

[Event "Let's Play Chess!"]
[Site "http://www.queenalice.com/game.php?id=564057"]
[Date "2009.3.30"]
[Round "-"]
[White "horseman"]
[Black "igorjava"]
[Result "0-1"]
[WhiteElo "1393"]
[BlackElo "1946"]

1. g3 d5 2. h4 e5 3. b3 c5 4. d3 Nf6 5. Nf3 Nc6 6. c4 d4 7. Na3 a6 8. Bg5 Bg4 9.
Nd2 Be7 10. Bxf6 Bxf6 11. Ne4 Be7 12. f3 Bf5 13. Nd2 Qa5 14. Nc2 b5 15. cxb5
axb5 16. a3 Qb6 17. g4 Be6 18. b4 O-O 0-1

[Event "Let's Play Chess!"]
[Site "http://www.queenalice.com/game.php?id=564068"]
[Date "2009.3.30"]
[Round "-"]
[White "horseman"]
[Black "swordfish"]
[Result "0-1"]
[WhiteElo "1407"]
[BlackElo "1564"]

1. b4 e5 2. Bb2 Qe7 3. h4 a6 4. a3 Nc6 5. e3 d5 6. g3 Bf5 7. Nf3 Bg4 8. Bg2 Bxf3
9. Bxf3 O-O-O 10. Nc3 Nf6 11. b5 axb5 12. Nxb5 e4 13. Be2 h6 14. d3 Qe6 15. f3
exf3 16. Bxf3 Qxe3+ 17. Qe2 d4 18. Bxd4 Qxe2+ 19. Bxe2 Nxd4 20. Nxd4 Rxd4 21. c4
Bc5 22. Kd1 Ng4 23. Kc1 Re8 24. Bxg4+ Rxg4 25. Kc2 Rxg3 26. Rad1 Bxa3 27. Rhf1
f6 28. Kb3 Bc5 29. Ka4 Ree3 30. h5 Rxd3 31. Rxd3 Rxd3 32. Rf5 b6 33. Kb5 Kb7 34.
Rf1 Rb3+ 35. Ka4 Ra3+ 36. Kb5 Ra5# 0-1

[Event "Challenge"]
[Site "http://www.queenalice.com/game.php?id=564069"]
[Date "2009.3.30"]
[Round "-"]
[White "horseman"]
[Black "Popeye"]
[Result "0-1"]
[WhiteElo "1518"]
[BlackElo "1665"]

1. Nf3 Nc6 2. e4 e5 3. d3 h6 4. g4 d6 5. Rg1 Nf6 6. b3 Bxg4 7. Be2 Bxf3 8. Bxf3
Nd4 9. c3 Nxf3+ 10. Qxf3 g5 11. c4 Be7 12. h4 g4 13. Rxg4 Nxg4 14. Qxg4 Bf6 15.
a4 h5 16. Qg3 Bxh4 17. Qg2 Kd7 18. Nc3 c6 19. Qh3+ Kc7 20. Bg5 Qxg5 21. Ne2 Qf6
22. Kd1 Qxf2 23. c5 Qe1+ 24. Kc2 Qxe2+ 25. Kb1 Qd1+ 26. Ka2 Qc2+ 27. Ka3 Qxc5+
28. Kb2 Rhg8 29. Qh2 Bf2 30. Ka2 Qc2+ 31. Ka3 Bc5+ 32. b4 Qxh2 33. bxc5 Rg3 34.
Kb4 Qb2+ 0-1

[Event "Challenge"]
[Site "http://www.queenalice.com/game.php?id=564075"]
[Date "2009.3.30"]
[Round "-"]
[White "horseman"]
[Black "porkrat"]
[Result "0-1"]
[WhiteElo "1468"]
[BlackElo "1459"]

1. b4 Nc6 2. c3 e5 3. g3 b6 4. e4 Nf6 5. d4 Nxe4 6. Bd3 Nxc3 7. Nxc3 Nxd4 8. h4
Bxb4 9. Bd2 d6 10. Rb1 a5 11. Nce2 Nxe2 12. Nxe2 Bxd2+ 13. Qxd2 Ba6 14. Bxa6
Rxa6 15. f4 exf4 16. gxf4 O-O 17. a4 Qd7 18. Rb5 Raa8 19. Rg1 Rae8 20. Rbg5 Re6
21. f5 Re4 22. Rxg7+ Kh8 23. Qh6 Qxf5 24. R1g5 Re6 25. R5g6 Qb1+ 26. Kf2 Qf5+
27. Ke1 Qb1+ 28. Kf2 fxg6+ 29. Nf4 Qb2+ 30. Kg3 Qb3+ 31. Kg4 Qd1+ 32. Kg5 Qg1+
33. Ng2 Qxg2# 0-1

[Event "Challenge"]
[Site "http://www.queenalice.com/game.php?id=564082"]
[Date "2009.3.30"]
[Round "-"]
[White "horseman"]
[Black "quietman"]
[Result "0-1"]
[WhiteElo "1614"]
[BlackElo "1669"]

1. d3 g6 2. h4 h5 3. f3 Bg7 4. c3 Nf6 5. e4 e5 6. b3 d5 7. Bg5 d4 8. Bxf6 Bxf6
9. Ne2 Nc6 10. g4 hxg4 11. f4 Bxh4+ 12. Kd2 Be1+ 13. Kxe1 Rxh1 14. Nd2 Qh4+ 15.
Ng3 Qxg3+ 16. Ke2 Qe3# 0-1

[Event "Challenge"]
[Site "http://www.queenalice.com/game.php?id=564083"]
[Date "2009.3.30"]
[Round "-"]
[White "horseman"]
[Black "SiColl007"]
[Result "0-1"]
[WhiteElo "1545"]
[BlackElo "1706"]

1. Nc3 d5 2. Nxd5 Qxd5 3. d4 g6 4. Nf3 c5 5. e3 Bg7 6. b3 Nh6 7. Bb5+ Nc6 8. Bc4
Qd6 9. Ba3 b6 10. O-O O-O 11. d5 Bxa1 12. Qxa1 Nb4 13. Bxb4 cxb4 14. e4 Bg4 15.
Ne1 Qf4 16. Nd3 Qg5 17. Nxb4 Bh3 18. f3 Qxg2# 0-1

[Event "Challenge"]
[Site "http://www.queenalice.com/game.php?id=564084"]
[Date "2009.3.30"]
[Round "-"]
[White "horseman"]
[Black "SiColl007"]
[Result "0-1"]
[WhiteElo "1536"]
[BlackElo "1716"]

1. g4 e5 2. e3 d5 3. f4 Qh4+ 4. Ke2 Bxg4+ 5. Nf3 e4 6. d3 Bxf3+ 7. Kd2 Bxd1 8.
Kxd1 Qf2 9. Nd2 Qxe3 10. dxe4 dxe4 11. c4 Bb4 12. Bh3 Bxd2 13. Bxd2 Qf3+ 14. Kc2
Qxh3 15. Rae1 Qf5 16. Kd1 Nc6 17. Kc1 O-O-O 18. Rd1 Nf6 19. Bc3 Qxf4+ 20. Kc2
Rxd1 21. Rxd1 Ng4 22. Kb3 e3 23. Bxg7 e2 24. Re1 Re8 25. a4 Nxh2 26. Bc3 Nd4+
27. Bxd4 Qxd4 28. a5 Re3+ 29. Kb4 a6 30. Rh1 c5+ 31. Ka4 Qxc4+ 32. b4 Qxb4# 0-1

[Event "Challenge"]
[Site "http://www.queenalice.com/game.php?id=564572"]
[Date "2009.3.31"]
[Round "-"]
[White "horseman"]
[Black "TinyDemons"]
[Result "0-1"]
[WhiteElo "1545"]
[BlackElo "1942"]

1. d4 Nf6 2. Nf3 d5 3. e3 Bg4 4. Be2 e6 5. c4 Bd6 6. Nfd2 Bxe2 7. Kxe2 O-O 8. b3
Nc6 9. Bb2 Re8 10. a3 e5 11. Kf1 e4 12. c5 Be7 13. Nc3 g6 14. a4 Nh5 15. g4 Ng7
16. f3 Bg5 17. Qe2 Nxd4 18. exd4 e3 19. Ndb1 Ne6 20. h4 Nf4 21. Qc2 Bxh4 22. Ne2
Nxe2 23. Qxe2 Qf6 24. Nc3 c6 25. Re1 Bxe1 26. Kxe1 Rab8 27. Nd1 Qf4 28. Rg1 b6
29. b4 bxc5 30. Kf1 cxd4 31. b5 d3 32. Qxd3 e2+ 33. Kf2 Qh2+ 34. Rg2 e1=Q# 0-1

[Event "Challenge"]
[Site "http://www.queenalice.com/game.php?id=565949"]
[Date "2009.4.3"]
[Round "-"]
[White "horseman"]
[Black "paddymalonespub"]
[Result "1-0"]
[WhiteElo "1492"]
[BlackElo "1719"]

1. Nf3 d6 2. h3 e5 3. e4 Nc6 4. c3 Nf6 5. d4 exd4 6. Bg5 Be7 7. cxd4 O-O 8. e5
dxe5 9. Bb5 exd4 10. O-O Ne4 11. Re1 Nxg5 12. Bxc6 bxc6 13. Nxg5 Bxg5 14. Re4
Bf6 15. Nd2 d3 16. Nf3 Bf5 17. Rf4 g6 18. g4 Be6 19. a4 Bxb2 20. Rb1 Rb8 21. Ne5
Bxe5 22. Rf3 Bd5 23. Rxb8 Qxb8 24. Rxd3 Qb4 25. g5 Qc5 26. Qe1 Re8 27. Re3 Bh2+
28. Kxh2 Rxe3 29. fxe3 Qd6+ 30. Kg1 Qb4 31. Qxb4 1-0

[Event "Challenge"]
[Site "http://www.queenalice.com/game.php?id=566120"]
[Date "2009.4.3"]
[Round "-"]
[White "horseman"]
[Black "dwrogers"]
[Result "0-1"]
[WhiteElo "1498"]
[BlackElo "1465"]

1. e4 e5 2. Nf3 Nc6 3. c3 f6 4. d4 exd4 5. Bd2 dxc3 6. Nxc3 Ne5 7. Nd4 Bc5 8.
Be3 Nh6 9. Bxh6 gxh6 10. Qa4 Bxd4 11. Qxd4 Nc6 12. Qe3 Nb4 13. Kd1 d6 14. Qxh6
c6 15. Qh5+ Ke7 16. a3 Na6 17. b4 Qd7 18. Bxa6 bxa6 19. a4 Qg4+ 20. Qxg4 Bxg4+
21. Kc2 f5 22. f3 Bh5 23. g4 Bf7 24. Rhd1 fxe4 25. Nxe4 Bd5 26. Nc3 Bxf3 27.
Re1+ Kd7 28. b5 axb5 29. axb5 cxb5 30. Nxb5 Rac8+ 31. Nc3 Bxg4 32. Rxa7+ Kd8 33.
Rd7+ Kxd7 34. Re4 Bf5 35. Kd2 Bxe4 36. Nxe4 Ra8 37. Nf6+ Ke6 38. Ne4 Ra2+ 39.
Kd3 Rxh2 40. Ng5+ Kf5 41. Nf7 Ra8 42. Nxd6+ Ke6 43. Ne4 Ra3+ 44. Nc3 Rh3+ 0-1

[Event "Challenge"]
[Site "http://www.queenalice.com/game.php?id=566182"]
[Date "2009.4.3"]
[Round "-"]
[White "horseman"]
[Black "elshafei"]
[Result "0-1"]
[WhiteElo "1554"]
[BlackElo "1761"]

1. g4 d5 2. c3 Bxg4 3. f3 Bd7 4. e4 e5 5. exd5 Bc5 6. d4 exd4 7. Qe2+ Ne7 8. Bd2
O-O 9. Bg5 f6 10. Bd2 Nxd5 11. cxd4 Re8 12. Be3 Rxe3 13. dxc5 Rxe2+ 14. Bxe2 f5
15. Nd2 Nc6 16. Bc4 Qe7+ 17. Ne2 Qxc5 18. Rf1 Kf8 19. Rc1 Re8 20. b4 Ncxb4 21.
Bxd5 Qxc1+ 22. Kf2 Qxd2 23. Bc4 Rxe2+ 24. Bxe2 Nd3+ 25. Kg3 Qxe2 26. Rg1 Qf2+
0-1